LEADER 01244nas 2200373 c 450 001 9910893607903321 005 20260218112950.0 035 $a(CKB)5280000000202102 035 $a(DE-599)ZDB2857044-3 035 $a(DE-101)1102175471 035 $a(DE-599)2857044-3 035 $a(EXLCZ)995280000000202102 100 $a20160530a20129999 |y | 101 0 $afre 135 $aur||||||||||| 181 $ctxt$2rdacontent 182 $cc$2rdamedia 183 $acr$2rdacarrier 200 00$aEnque?te de?mographique et de sante? et a? indicateurs multiples$fBurkina Faso, Institut National de la Statistique et de la De?mographie, Ministe?re de l'E?conomie et des Finances 210 31$aCalverton, Maryland$cICF International$dAvril 2012- 215 $aOnline-Ressource 517 $aBurkina Faso 517 1 $aBurkina Faso DHS 517 1 $aBurkina Faso: enque?te de?mographique et de sante? et a? indicateurs multiples 608 $aZeitschrift$2gnd-content 676 $a310 676 $a610 801 0$b0206 801 1$bDE-101 801 2$b9001 906 $aJOURNAL 912 $a9910893607903321 996 $aEnque?te de?mographique et de sante? et a? indicateurs multiples$94251593 997 $aUNINA